[Event "9th EUROPEAN  INDIVIDUAL  WOME"]
[Site "Plovdiv, Bulgaria"]
[Date "2008.04.21"]
[Round "1"]
[Board "1"]
[White "Schuurman, Petra"]
[Black "Socko, Monika"]
[Result "1/2-1/2"]
[WhiteElo "2295"]
[BlackElo "2505"]
[PlyCount "132"]
[EventDate "2008.04.21"]
[EventRounds "11"]
[EventCountry "BUL"]

1.d4 Nf6 2.c4 e6 3.Nf3 Bb4+ 4.Nbd2 b6 5.a3 Bxd2+ 6.Bxd2 Bb7 7.g3 Bxf3 8.exf3 O-O
9.Bg2 d5 10.f4 Nc6 11.Be3 Na5 12.b3 Rb8 13.cxd5 exd5 14.O-O Qd7 15.Qd3 Nb7 16.f5
Rfe8 17.Rac1 Rbc8 18.Rfd1 c5 19.dxc5 Nxc5 20.Qb1 Nce4 21.Bd4 Rxc1 22.Qxc1 Qxf5
23.Qc7 Ng5 24.Qf4 Qxf4 25.gxf4 Nge4 26.Bxf6 Nxf6 27.Bxd5 g6 28.Bf3 Kg7 29.Kg2
Rc8 30.Rd3 Rc7 31.b4 h6 32.h3 Ng8 33.Rd6 Ne7 34.Be4 Rc4 35.f3 Rc7 36.Kf2 f5
37.Bd3 Ng8 38.a4 Nf6 39.a5 bxa5 40.bxa5 Kf7 41.Rd4 Ke7 42.Be2 Rc5 43.a6 Nd5
44.h4 Ra5 45.Kg3 Kd6 46.h5 gxh5 47.Bc4 Kc6 48.Bxd5+ Rxd5 49.Rb4 Rb5 50.Rd4 Rb3
51.Kh4 Rxf3 52.Rb4 Ra3 53.Rb7 Rxa6 54.Rf7 Kd5 55.Rxf5+ Ke4 56.Rf7 Ra1 57.Kxh5 a5
58.Kxh6 a4 59.Kg5 Rg1+ 60.Kh6 a3 61.Ra7 Rg3 62.Ra4+ Kf5 63.Kh7 Ke6 64.Ra5 Ke7
65.Ra6 Kd7 66.Kh6 Ke7

[Event "9th EUROPEAN  INDIVIDUAL  WOME"]
[Site "Plovdiv, Bulgaria"]
[Date "2008.04.21"]
[Round "1"]
[Board "1"]
[White "Muzychuk, Anna"]
[Black "Fakhiridou, Ekaterini"]
[Result "1-0"]
[WhiteElo "2486"]
[BlackElo "2292"]
[PlyCount "67"]
[EventDate "2008.04.21"]
[EventRounds "11"]
[EventCountry "BUL"]

1.e4 c5 2.Nf3 d6 3.c3 Nf6 4.Bd3 Nc6 5.Bc2 g6 6.h3 Bg7 7.d4 cxd4 8.cxd4 O-O 9.Nc3
a6 10.O-O b5 11.Bg5 Bd7 12.Re1 Na5 13.e5 dxe5 14.dxe5 Ne8 15.Nd5 Nc6 16.Nd4 f6
17.Nxc6 Bxc6 18.Nxe7+ Qxe7 19.exf6 Qb4 20.Bb3+ Kh8 21.fxg7+ Nxg7 22.Be7 Qf4
23.Bxf8 Rxf8 24.Qe2 Qg5 25.Qg4 Qf6 26.Qg3 Qxb2 27.Rac1 Qf6 28.f3 a5 29.Qe5 b4
30.Qxf6 Rxf6 31.Re5 a4 32.Bd5 Bd7 33.Re7 Rd6 34.Rxd7

[Event "9th EUROPEAN  INDIVIDUAL  WOME"]
[Site "Plovdiv, Bulgaria"]
[Date "2008.04.21"]
[Round "1"]
[Board "1"]
[White "Levushkina, Elena"]
[Black "Lahno, Kateryna"]
[Result "0-1"]
[WhiteElo "2291"]
[BlackElo "2479"]
[PlyCount "70"]
[EventDate "2008.04.21"]
[EventRounds "11"]
[EventCountry "BUL"]

1.e4 d6 2.d4 Nf6 3.Nc3 g6 4.f4 Bg7 5.Nf3 O-O 6.Bd3 Na6 7.O-O c5 8.d5 Bg4 9.Bc4
Nc7 10.a4 a6 11.Qe1 e6 12.dxe6 Bxe6 13.Bxe6 fxe6 14.Be3 Ng4 15.Rd1 Nxe3 16.Qxe3
Qe7 17.Kh1 b5 18.Nd2 Rf7 19.b3 Raf8 20.Ne2 Bh6 21.axb5 axb5 22.c4 b4 23.Rf3 e5
24.g3 Ne6 25.Rdf1 Kg7 26.Kg2 exf4 27.gxf4 Qh4 28.e5 Nxf4+ 29.Kh1 Nxe2 30.Qxe2
Bxd2 31.Rxf7+ Rxf7 32.Rxf7+ Kxf7 33.e6+ Ke7 34.Qxd2 Qe4+ 35.Kg1 Qd4+

[Event "9th EUROPEAN  INDIVIDUAL  WOME"]
[Site "Plovdiv, Bulgaria"]
[Date "2008.04.21"]
[Round "1"]
[Board "1"]
[White "Danielian, Elina"]
[Black "Voicu, Carmen"]
[Result "1-0"]
[WhiteElo "2479"]
[BlackElo "2290"]
[PlyCount "81"]
[EventDate "2008.04.21"]
[EventRounds "11"]
[EventCountry "BUL"]

1.Nf3 Nf6 2.d4 d5 3.c4 e6 4.e3 Be7 5.Nbd2 O-O 6.Bd3 Nbd7 7.O-O Re8 8.e4 dxe4
9.Nxe4 Nxe4 10.Bxe4 Bf6 11.Be3 Qe7 12.Re1 g6 13.Qd2 Bg7 14.Rad1 Nf6 15.Bc2 Bd7
16.Bg5 b5 17.b3 Bc8 18.Ne5 Qf8 19.Qf4 Nh5 20.Qf3 Rb8 21.Nc6 Bb7 22.cxb5 h6
23.Bc1 Qd6 24.d5 Bxc6 25.dxc6 Qb4 26.a4 Rbd8 27.Qe4 Qc3 28.Qc4 Rxd1 29.Rxd1 Qe5
30.Be3 Bf8 31.Qd4 Bd6 32.Qxe5 Bxe5 33.Bxa7 Nf4 34.g3 Ne2+ 35.Kg2 Nc3 36.Rd7 g5
37.Bd3 Kg7 38.a5 Rc8 39.f4 gxf4 40.gxf4 Bf6 41.b6

[Event "9th EUROPEAN  INDIVIDUAL  WOME"]
[Site "Plovdiv, Bulgaria"]
[Date "2008.04.21"]
[Round "1"]
[Board "1"]
[White "Komiagina, Maria"]
[Black "Hoang, Thanh Trang"]
[Result "1/2-1/2"]
[WhiteElo "2285"]
[BlackElo "2477"]
[PlyCount "83"]
[EventDate "2008.04.21"]
[EventRounds "11"]
[EventCountry "BUL"]

1.e4 e6 2.d4 d5 3.Nc3 Nf6 4.Bg5 dxe4 5.Nxe4 Nbd7 6.Nf3 h6 7.Nxf6+ Nxf6 8.Be3 Nd5
9.Qd2 Bb4 10.c3 Bd6 11.O-O-O Bd7 12.Ne5 Qe7 13.Be2 O-O-O 14.Nxd7 Qxd7 15.Kb1
Rhe8 16.c4 Nxe3 17.Qxe3 Kb8 18.c5 Bf8 19.h4 c6 20.Rd3 Qc7 21.Rhd1 Be7 22.g3 Bf6
23.f4 Re7 24.h5 Red7 25.g4 Kc8 26.g5 Be7 27.Bg4 Kb8 28.g6 f5 29.Bf3 Bf6 30.Qxe6
Qxf4 31.Rb3 Rxd4 32.Rxb7+ Ka8 33.Rf1 Rd1+ 34.Rxd1 Rxd1+ 35.Bxd1 Kxb7 36.Qd7+ Kb8
37.Qxc6 Qd4 38.Qd6+ Qxd6 39.cxd6 Be5 40.Bc2 f4 41.d7 Kc7 42.Bf5

[Event "9th EUROPEAN  INDIVIDUAL  WOME"]
[Site "Plovdiv, Bulgaria"]
[Date "2008.04.21"]
[Round "1"]
[Board "1"]
[White "Srebrnic, Ana"]
[Black "Pogonina, Natalija"]
[Result "0-1"]
[WhiteElo "2283"]
[BlackElo "2470"]
[PlyCount "84"]
[EventDate "2008.04.21"]
[EventRounds "11"]
[EventCountry "BUL"]

1.Nf3 c5 2.c4 Nc6 3.d4 cxd4 4.Nxd4 Nf6 5.Nc3 g6 6.e4 d6 7.Be2 Bg7 8.Be3 O-O
9.O-O Nd7 10.Rc1 Nc5 11.f3 Bd7 12.Nd5 Nxd4 13.Bxd4 Bxd4+ 14.Qxd4 a5 15.Rfd1 Bc6
16.e5 Bxd5 17.cxd5 Qb6 18.f4 Rac8 19.Bg4 Rc7 20.h4 f5 21.exf6 exf6 22.Be6+ Kh8
23.Rc3 Qxb2 24.Rd2 Qa1+ 25.Rd1 Qxa2 26.Re3 Qc2 27.Rde1 Qa4 28.Qb2 Qb4 29.Qf2 Qd4
30.Qf3 f5 31.Rd1 Qf6 32.Ra3 a4 33.g3 b5 34.Rb1 Qd4+ 35.Kh2 b4 36.Re3 a3 37.Rd1
Qf6 38.Qe2 b3 39.Qb5 a2 40.Qb6 Nxe6 41.Rxe6 Rc2+ 42.Kh3 a1=Q

[Event "9th EUROPEAN  INDIVIDUAL  WOME"]
[Site "Plovdiv, Bulgaria"]
[Date "2008.04.21"]
[Round "1"]
[Board "1"]
[White "Ionica, Iulia Ionela"]
[Black "Javakhishvili, Lela"]
[Result "1-0"]
[WhiteElo "2278"]
[BlackElo "2466"]
[PlyCount "71"]
[EventDate "2008.04.21"]
[EventRounds "11"]
[EventCountry "BUL"]

1.e4 c5 2.Nf3 Nc6 3.d4 cxd4 4.Nxd4 Qc7 5.Nc3 e6 6.g3 a6 7.Bg2 d6 8.a4 Be7 9.O-O
Nf6 10.Kh1 O-O 11.f4 Re8 12.Be3 Bf8 13.Nb3 b6 14.g4 Nd7 15.g5 Bb7 16.Qe2 Nb4
17.Rad1 g6 18.Qf2 Rab8 19.Rd4 Nc6 20.Rd2 Bc8 21.Qh4 Na5 22.Bd4 Nc4 23.Rd3 h6
24.gxh6 Kh7 25.f5 Nde5 26.Rg3 b5 27.axb5 axb5 28.Nc1 b4 29.b3 bxc3 30.bxc4 exf5
31.exf5 Be7 32.fxg6+ fxg6 33.Qe4 Bb7 34.Rf7+ Kg8 35.Rxg6+ Kxf7 36.Qf5+

[Event "9th EUROPEAN  INDIVIDUAL  WOME"]
[Site "Plovdiv, Bulgaria"]
[Date "2008.04.21"]
[Round "1"]
[Board "1"]
[White "Peng, Zhaoqin"]
[Black "Ivkina, Olga"]
[Result "1-0"]
[WhiteElo "2455"]
[BlackElo "2278"]
[PlyCount "83"]
[EventDate "2008.04.21"]
[EventRounds "11"]
[EventCountry "BUL"]

1.d4 Nf6 2.c4 g6 3.Nc3 Bg7 4.e4 d6 5.Nf3 O-O 6.Be2 Na6 7.O-O e5 8.Re1 Qe8 9.Bf1
Bg4 10.d5 Nb4 11.Be2 a5 12.Be3 Qe7 13.a3 Na6 14.Nd2 Bd7 15.Rb1 Nc5 16.b3 h6
17.Qc2 Nh7 18.b4 axb4 19.axb4 Na4 20.c5 Nxc3 21.Qxc3 f5 22.f3 Nf6 23.b5 fxe4
24.fxe4 Ra4 25.Rb4 Rxb4 26.Qxb4 Ng4 27.Bxg4 Bxg4 28.b6 dxc5 29.Bxc5 Qh4 30.Rf1
Rxf1+ 31.Nxf1 cxb6 32.Bxb6 Qf6 33.Bf2 Qa6 34.h3 Be2 35.Nd2 Kh7 36.Nb3 Qd3 37.Nc5
Qd1+ 38.Kh2 Qf1 39.Bg3 Qf8 40.Qb6 h5 41.Qc7 g5 42.Bxe5

[Event "9th EUROPEAN  INDIVIDUAL  WOME"]
[Site "Plovdiv, Bulgaria"]
[Date "2008.04.21"]
[Round "1"]
[Board "1"]
[White "Zhukova, Natalia"]
[Black "Mamedjarova, Turkan"]
[Result "1-0"]
[WhiteElo "2450"]
[BlackElo "2271"]
[PlyCount "79"]
[EventDate "2008.04.21"]
[EventRounds "11"]
[EventCountry "BUL"]

1.d4 d5 2.c4 e6 3.Nc3 Nf6 4.Nf3 Bb4 5.cxd5 Bxc3+ 6.bxc3 exd5 7.Ba3 Nc6 8.e3 Ne7
9.Bd3 O-O 10.Qc2 Re8 11.Ne5 Ng6 12.Nxg6 hxg6 13.O-O Ne4 14.c4 c6 15.cxd5 Qxd5
16.Rab1 b6 17.f3 Nf6 18.Bc4 Qg5 19.Bc1 Be6 20.e4 Qh5 21.Bb2 Rad8 22.Rbc1 Bd7
23.Bb3 g5 24.h3 Qh4 25.Qc4 Bxh3 26.Qxf7+ Kh8 27.d5 Rf8 28.Qg6 Qf4 29.Rf2 cxd5
30.gxh3 dxe4 31.fxe4 Qg3+ 32.Rg2 Qe3+ 33.Kh1 Rd2 34.Rxd2 Qxd2 35.Rc2 Qe1+ 36.Kg2
Rd8 37.Bd5 Qd1 38.Rf2 g4 39.Bxf6 gxh3+ 40.Kh2

[Event "9th EUROPEAN  INDIVIDUAL  WOME"]
[Site "Plovdiv, Bulgaria"]
[Date "2008.04.21"]
[Round "1"]
[Board "1"]
[White "Cherednichenko, Svetlana"]
[Black "Paehtz, Elisabeth"]
[Result "0-1"]
[WhiteElo "2270"]
[BlackElo "2449"]
[PlyCount "98"]
[EventDate "2008.04.21"]
[EventRounds "11"]
[EventCountry "BUL"]

1.d4 d6 2.Nf3 g6 3.Bf4 Bg7 4.e3 Nd7 5.h3 e5 6.Bh2 Qe7 7.Be2 Ngf6 8.O-O O-O 9.c4
b6 10.Nc3 Bb7 11.b4 a5 12.a3 Ne4 13.Nxe4 Bxe4 14.Nd2 Bb7 15.d5 e4 16.Rb1 axb4
17.axb4 b5 18.Nb3 bxc4 19.Na5 Rab8 20.Bxc4 Nb6 21.Qb3 f5 22.Rfd1 Kh8 23.Bb5 Qf7
24.Bc6 Bxc6 25.dxc6 Qe8 26.b5 g5 27.Qc2 Qe7 28.Nb3 f4 29.Nd4 Rbe8 30.Ra1 Qf7
31.Ra7 Nd5 32.Qd2 Re5 33.Rb7 Ra8 34.Rb1 Nb6 35.Nc2 Rd5 36.Qb4 Re8 37.Qa5 Rc5
38.Nd4 Nd5 39.Qe1 Rc3 40.b6 fxe3 41.Nb5 Rc2 42.fxe3 Nxe3 43.Qxe3 Qa2 44.Bxd6
Qxb1+ 45.Kh2 Qxb5 46.Rxc7 Rxc6 47.Rxg7 Kxg7 48.Qd4+ Kg6 49.Bc7 Rce6

[Event "9th EUROPEAN  INDIVIDUAL  WOME"]
[Site "Plovdiv, Bulgaria"]
[Date "2008.04.21"]
[Round "1"]
[Board "1"]
[White "Dzagnidze, Nana"]
[Black "Bensdorp, Marlies"]
[Result "1-0"]
[WhiteElo "2443"]
[BlackElo "2268"]
[PlyCount "99"]
[EventDate "2008.04.21"]
[EventRounds "11"]
[EventCountry "BUL"]

1.d4 d5 2.c4 c6 3.Nf3 e6 4.Qc2 dxc4 5.Qxc4 Nf6 6.Nc3 b5 7.Qb3 Nbd7 8.Bg5 h6
9.Bxf6 Qxf6 10.e3 a6 11.a4 Bb7 12.Bd3 Qd8 13.O-O Be7 14.Ne4 O-O 15.Rfc1 Qb6
16.Qc3 b4 17.Qc2 a5 18.Nfd2 Rfd8 19.Nb3 e5 20.Bc4 exd4 21.exd4 Nf6 22.Nec5 Bc8
23.Nd3 Nd5 24.Ne5 Bd6 25.Bd3 Bxe5 26.dxe5 Re8 27.Re1 Bb7 28.Rac1 Rad8 29.Qc5
Qxc5 30.Nxc5 Ba8 31.Bc4 Re7 32.g3 g5 33.Bb3 Kg7 34.Re2 Rde8 35.Rce1 Bb7 36.f3
Bc8 37.Kf2 Bf5 38.Bxd5 cxd5 39.Nb3 Bd7 40.Nd4 Kg6 41.f4 Rc8 42.e6 fxe6 43.f5+
Kf6 44.fxe6 Bxa4 45.Re5 Be8 46.Nf5 Rc2+ 47.Kf3 Rec7 48.e7 Rxb2 49.Re6+ Kf7
50.Nd6+

[Event "9th EUROPEAN  INDIVIDUAL  WOME"]
[Site "Plovdiv, Bulgaria"]
[Date "2008.04.21"]
[Round "1"]
[Board "1"]
[White "Calzetta, Monica"]
[Black "Skripchenko, Almira"]
[Result "1/2-1/2"]
[WhiteElo "2264"]
[BlackElo "2443"]
[PlyCount "80"]
[EventDate "2008.04.21"]
[EventRounds "11"]
[EventCountry "BUL"]

1.e4 g6 2.d4 Bg7 3.Nc3 d6 4.Be3 a6 5.Nf3 b5 6.h3 Bb7 7.Bd3 Nd7 8.a4 b4 9.Ne2
Ngf6 10.Ng3 O-O 11.c3 bxc3 12.bxc3 a5 13.O-O Nb6 14.Qc2 Nfd7 15.Rfb1 e6 16.Qc1
Bc6 17.Bc2 Nc4 18.Bh6 Ndb6 19.Bxg7 Kxg7 20.Bb3 Qd7 21.Nh5+ Kh8 22.Nf6 Qe7 23.Qg5
Qd8 24.e5 Kg7 25.Nh5+ Kh8 26.Nf6 Kg7 27.Nh5+ Kh8 28.Qh6 gxh5 29.Ng5 Qxg5 30.Qxg5
Rg8 31.Qf6+ Rg7 32.Bxc4 Nxc4 33.g3 Nd2 34.Rb2 Ne4 35.Qh4 Rag8 36.Kh2 Ng5 37.Qxh5
Nf3+ 38.Kg2 Rg5 39.Qxf3 Bxf3+ 40.Kxf3 dxe5

[Event "9th EUROPEAN  INDIVIDUAL  WOME"]
[Site "Plovdiv, Bulgaria"]
[Date "2008.04.21"]
[Round "1"]
[Board "1"]
[White "Ovod, Evgenija"]
[Black "Maksimovic, Suzana"]
[Result "1-0"]
[WhiteElo "2437"]
[BlackElo "2264"]
[PlyCount "57"]
[EventDate "2008.04.21"]
[EventRounds "11"]
[EventCountry "BUL"]

1.d4 Nf6 2.c4 e6 3.Nc3 Bb4 4.f3 d5 5.a3 Bxc3+ 6.bxc3 c5 7.cxd5 Nxd5 8.dxc5 f5
9.Qc2 O-O 10.e4 fxe4 11.fxe4 Qh4+ 12.g3 Qf6 13.Bg2 Qg6 14.Nf3 Nf6 15.Ne5 Qh5
16.Bf4 Nbd7 17.Bf3 Qe8 18.Nxd7 Bxd7 19.Bd6 Rf7 20.e5 Nd5 21.Be4 Bc6 22.Bxh7+ Kh8
23.Bg6 Ne7 24.Bxf7 Qxf7 25.Rf1 Nf5 26.O-O-O Qg6 27.Rf4 Qh6 28.Qd2 b6 29.g4

[Event "9th EUROPEAN  INDIVIDUAL  WOME"]
[Site "Plovdiv, Bulgaria"]
[Date "2008.04.21"]
[Round "1"]
[Board "1"]
[White "Velcheva, Maria"]
[Black "Bojkovic, Natasa"]
[Result "0-1"]
[WhiteElo "2262"]
[BlackElo "2434"]
[PlyCount "118"]
[EventDate "2008.04.21"]
[EventRounds "11"]
[EventCountry "BUL"]

1.e4 c5 2.Nf3 e6 3.d4 cxd4 4.Nxd4 a6 5.Nc3 b5 6.Bd3 Bb7 7.O-O Nc6 8.Nxc6 Bxc6
9.Qe2 Bc5 10.Bd2 Ne7 11.Kh1 b4 12.Nd1 O-O 13.Bxa6 d5 14.e5 Rxa6 15.Qxa6 Qb8
16.Qa5 Bb5 17.c4 bxc3 18.Nxc3 Bxf1 19.Qxc5 Qxb2 20.Rd1 Qc2 21.Be3 Bxg2+ 22.Kxg2
Qg6+ 23.Kf1 Nf5 24.Ne2 Qh5 25.Bf4 Qh3+ 26.Ke1 Nh4 27.Kd2 Ra8 28.Kc1 h6 29.Kb1
Ng6 30.Bg3 Qg4 31.Rd2 Rb8+ 32.Ka1 Qf3 33.Qc3 Qe4 34.Qd3 Qb4 35.Qc2 h5 36.Rd4 Qa5
37.h4 Qa6 38.Rd1 Rc8 39.Qb2 Qa4 40.Rd4 Qa6 41.Rd1 Rc4 42.Nd4 Qa4 43.Nb3 Nxh4
44.Rh1 Nf5 45.Rc1 h4 46.Bh2 Rb4 47.Rd1 d4 48.Rd3 Qc6 49.Rd1 Qf3 50.Qd2 Ra4
51.Qc2 Qg2 52.Bg1 d3 53.Qd2 Qd5 54.Kb1 h3 55.Bh2 Qa8 56.Qxd3 Qg2 57.Qd8+ Kh7
58.Qd7 Rg4 59.Rg1 Qxg1+

[Event "9th EUROPEAN  INDIVIDUAL  WOME"]
[Site "Plovdiv, Bulgaria"]
[Date "2008.04.21"]
[Round "1"]
[Board "1"]
[White "Dembo, Yelena"]
[Black "Schneider, Veronika"]
[Result "1/2-1/2"]
[WhiteElo "2429"]
[BlackElo "2261"]
[PlyCount "110"]
[EventDate "2008.04.21"]
[EventRounds "11"]
[EventCountry "BUL"]

1.e4 c5 2.Nf3 e6 3.d4 cxd4 4.Nxd4 a6 5.Nc3 Qc7 6.Bd3 Nf6 7.O-O Nc6 8.Be3 Nxd4
9.Bxd4 Bc5 10.Be2 d6 11.Qd2 Bxd4 12.Qxd4 e5 13.Qb4 Be6 14.Rfd1 Qc5 15.a3 Qxb4
16.axb4 Ke7 17.Ra5 Rhc8 18.f3 Bc4 19.Bd3 g6 20.Kf2 Ke6 21.Rda1 Nd7 22.Ke2 Nb6
23.Kd2 Rc7 24.Na4 Nxa4 25.R1xa4 Rac8 26.c3 f5 27.Bxc4+ Rxc4 28.Kd3 R8c7 29.Ra1
R4c6 30.b5 axb5 31.Rxb5 Rc5 32.Rb6 R5c6 33.Rb4 Rf7 34.Ra7 fxe4+ 35.fxe4 Rcc7
36.Ke3 h5 37.Ra8 Rfe7 38.Rg8 Kf7 39.Rb8 Ke6 40.Rb6 Red7 41.Kd3 Kf7 42.c4 Kg7
43.b3 Kf7 44.Ke3 Kg7 45.Ra8 Rc6 46.Rb5 Kf7 47.Ra7 Rcc7 48.Ra1 Ke6 49.Ra8 Kf7
50.Rb8 Kg7 51.Ra5 Kf6 52.Ra1 Ke6 53.Rf1 Rf7 54.Rd1 Rfd7 55.Rd2 Rf7

[Event "9th EUROPEAN  INDIVIDUAL  WOME"]
[Site "Plovdiv, Bulgaria"]
[Date "2008.04.21"]
[Round "1"]
[Board "1"]
[White "Raeva, Elitsa"]
[Black "Kovalevskaya, Ekaterina"]
[Result "0-1"]
[WhiteElo "2258"]
[BlackElo "2421"]
[PlyCount "62"]
[EventDate "2008.04.21"]
[EventRounds "11"]
[EventCountry "BUL"]

1.d4 Nf6 2.Nf3 d5 3.e3 g6 4.Bd3 Bg7 5.O-O O-O 6.Nbd2 b6 7.e4 dxe4 8.Nxe4 Nbd7
9.Bg5 Bb7 10.Qe2 c5 11.c3 cxd4 12.Nxd4 Ne5 13.Bc2 Qd5 14.Rfe1 Nc4 15.Rad1 Nxe4
16.Nf3 Nxg5 17.Rxd5 Nxf3+ 18.gxf3 Bxd5 19.Be4 e6 20.b3 Ne5 21.Rd1 Rad8 22.Bxd5
exd5 23.f4 Nc6 24.f5 d4 25.fxg6 dxc3 26.gxh7+ Kh8 27.Rc1 Rd2 28.Qg4 Ne5 29.Qg3
Nd3 30.Rf1 c2 31.Qe3 Rd1

[Event "9th EUROPEAN  INDIVIDUAL  WOME"]
[Site "Plovdiv, Bulgaria"]
[Date "2008.04.21"]
[Round "1"]
[Board "1"]
[White "Matveeva, Svetlana"]
[Black "Rogule, Laura"]
[Result "1-0"]
[WhiteElo "2420"]
[BlackElo "2255"]
[PlyCount "87"]
[EventDate "2008.04.21"]
[EventRounds "11"]
[EventCountry "BUL"]

1.d4 d5 2.c4 e6 3.Nc3 Nf6 4.cxd5 exd5 5.Bg5 Be7 6.e3 c6 7.Qc2 Nbd7 8.Bd3 O-O
9.Nf3 Re8 10.h3 Nf8 11.Bf4 Bd6 12.Bxd6 Qxd6 13.O-O-O Be6 14.Kb1 Rac8 15.Ka1 b6
16.Rc1 Re7 17.Rhd1 Qb4 18.Ne5 Ne8 19.Ba6 Rcc7 20.Be2 f6 21.Nd3 Qd6 22.Nf4 Bf7
23.Bd3 Qd8 24.g4 Nd6 25.h4 Qe8 26.g5 fxg5 27.hxg5 g6 28.Qe2 Qd7 29.Qf3 Re8
30.Qg2 Qe7 31.Be2 Nf5 32.Rh1 Rd8 33.Bf3 Ne6 34.Qh2 Nxg5 35.Rcg1 h6 36.Bg4 Qf6
37.Nfxd5 cxd5 38.Qxc7 Nd6 39.Rxh6 Re8 40.Rgh1 Re7 41.Qd8+ Ne8 42.f4 Rxe3 43.Qxf6
Nxf6 44.fxg5

[Event "9th EUROPEAN  INDIVIDUAL  WOME"]
[Site "Plovdiv, Bulgaria"]
[Date "2008.04.21"]
[Round "1"]
[Board "1"]
[White "Makropoulou, Marina"]
[Black "Peptan, Corina Isabela"]
[Result "0-1"]
[WhiteElo "2254"]
[BlackElo "2415"]
[PlyCount "72"]
[EventDate "2008.04.21"]
[EventRounds "11"]
[EventCountry "BUL"]

1.e4 c5 2.Nf3 d6 3.d4 cxd4 4.Nxd4 Nf6 5.Nc3 Nc6 6.Bg5 e6 7.Qd2 a6 8.O-O-O Bd7
9.f3 Be7 10.h4 h6 11.Be3 h5 12.Kb1 Ne5 13.Qf2 b5 14.Bd3 Qc7 15.Nb3 Rb8 16.Ba7
Rb7 17.Bd4 a5 18.f4 Nxd3 19.cxd3 a4 20.Nd2 e5 21.Be3 b4 22.Nd5 Nxd5 23.exd5 exf4
24.Qxf4 O-O 25.Bd4 Bg4 26.Rc1 Qd7 27.Nc4 Bf5 28.Qg3 Bg6 29.Na5 Rb5 30.Nc6 Rxd5
31.Ka1 Re8 32.Rc4 b3 33.a3 Bf8 34.Rhc1 Rf5 35.Bf2 d5 36.Nb8 Rxb8

[Event "9th EUROPEAN  INDIVIDUAL  WOME"]
[Site "Plovdiv, Bulgaria"]
[Date "2008.04.21"]
[Round "1"]
[Board "1"]
[White "Mkrtchian, Lilit"]
[Black "Golubenko, Valentina"]
[Result "1-0"]
[WhiteElo "2413"]
[BlackElo "2253"]
[PlyCount "87"]
[EventDate "2008.04.21"]
[EventRounds "11"]
[EventCountry "BUL"]

1.e4 e5 2.Nf3 Nc6 3.Bb5 f5 4.d3 fxe4 5.dxe4 Nf6 6.O-O Bc5 7.Bxc6 bxc6 8.Nxe5 O-O
9.Bg5 Qe8 10.Bxf6 Rxf6 11.Nd3 Bb6 12.Nd2 Ba6 13.c4 d5 14.e5 Re6 15.Qa4 dxc4
16.Nxc4 Bb5 17.Qb3 Kh8 18.Nxb6 cxb6 19.f4 c5 20.Qc3 Rd8 21.Rf3 c4 22.Nf2 Bc6
23.Rg3 b5 24.Re1 Qf8 25.Qe3 a6 26.Ne4 Ree8 27.Nc5 a5 28.Qf2 Rd5 29.Ne4 Qe7
30.Rh3 Bd7 31.Rhe3 Rf8 32.Nd6 Bf5 33.Qf3 Rd2 34.R3e2 Rxe2 35.Qxe2 Bd3 36.Qe3 Qd7
37.Qd4 b4 38.e6 Qe7 39.Re3 Kg8 40.Nxc4 Rd8 41.Qxd8+ Qxd8 42.e7 Qxe7 43.Rxe7 Bxc4
44.b3

[Event "9th EUROPEAN  INDIVIDUAL  WOME"]
[Site "Plovdiv, Bulgaria"]
[Date "2008.04.21"]
[Round "1"]
[Board "1"]
[White "Nikoladze, Sopio"]
[Black "Vajda, Szidonia"]
[Result "0-1"]
[WhiteElo "2249"]
[BlackElo "2413"]
[PlyCount "62"]
[EventDate "2008.04.21"]
[EventRounds "11"]
[EventCountry "BUL"]

1.c4 c5 2.Nf3 e6 3.g3 d5 4.cxd5 exd5 5.d4 Nc6 6.Nc3 Nf6 7.Bg2 Be7 8.O-O O-O
9.dxc5 Bxc5 10.Na4 Be7 11.Nd4 Re8 12.Nxc6 bxc6 13.Be3 Qa5 14.Rc1 Qb5 15.Bd4 Bg4
16.f3 Bf5 17.Nc3 Qb7 18.e4 dxe4 19.fxe4 Bg4 20.Qa4 Be6 21.e5 Nd5 22.Nxd5 cxd5
23.Rc2 a5 24.Qc6 Qb4 25.Qc3 Rec8 26.Qxb4 axb4 27.Rfc1 Rxc2 28.Rxc2 Rxa2 29.Bxd5
Bxd5 30.Rc8+ Bf8 31.Rd8 Be4

[Event "9th EUROPEAN  INDIVIDUAL  WOME"]
[Site "Plovdiv, Bulgaria"]
[Date "2008.04.21"]
[Round "1"]
[Board "1"]
[White "Melia, Salome"]
[Black "Ohme, Melanie"]
[Result "1-0"]
[WhiteElo "2413"]
[BlackElo "2248"]
[PlyCount "63"]
[EventDate "2008.04.21"]
[EventRounds "11"]
[EventCountry "BUL"]

1.e4 c5 2.Nf3 e6 3.d4 cxd4 4.Nxd4 a6 5.Bd3 Bc5 6.Nb3 Ba7 7.Qe2 Nc6 8.Be3 d6
9.O-O e5 10.Rd1 Bxe3 11.Qxe3 Nf6 12.Be2 O-O 13.c4 Qe7 14.Nc3 a5 15.a4 Nb4 16.Rd2
Be6 17.Nb5 Ra6 18.Rad1 Ne8 19.f4 exf4 20.Qxf4 f5 21.N3d4 g6 22.b3 Bc8 23.exf5
Ng7 24.Bf3 Nxf5 25.Re2 Qg7 26.Qe4 Nxd4 27.Qxd4 Bf5 28.Qxg7+ Kxg7 29.Re7+ Kf6
30.Rxb7 Bc2 31.Rf1 Kg5 32.Nc7

[Event "9th EUROPEAN  INDIVIDUAL  WOME"]
[Site "Plovdiv, Bulgaria"]
[Date "2008.04.21"]
[Round "1"]
[Board "1"]
[White "Rajlich, Iweta"]
[Black "Padurariu, Ioana Smaranda"]
[Result "1/2-1/2"]
[WhiteElo "2411"]
[BlackElo "2242"]
[PlyCount "83"]
[EventDate "2008.04.21"]
[EventRounds "11"]
[EventCountry "BUL"]

1.d4 Nf6 2.c4 e6 3.Nc3 Bb4 4.Qc2 O-O 5.Nf3 c5 6.dxc5 Na6 7.g3 Nxc5 8.Bg2 Nce4
9.O-O Nxc3 10.bxc3 Be7 11.e4 d6 12.e5 dxe5 13.Nxe5 Qc7 14.Qe2 Bd6 15.Bf4 Ne8
16.c5 Qxc5 17.c4 f6 18.Nd3 Qc7 19.Bd2 Rb8 20.Nb4 Bc5 21.Rab1 Nd6 22.Rfd1 Nf5
23.Nd3 Bd4 24.Bb4 Rd8 25.Nf4 e5 26.Nd5 Qf7 27.g4 Nh4 28.Ne7+ Kh8 29.Bd5 Qe8
30.Rb3 Ng6 31.Nxg6+ Qxg6 32.Rg3 b5 33.Be4 Qf7 34.c5 Be6 35.Qc2 g6 36.Kg2 f5
37.gxf5 gxf5 38.c6 Rg8 39.Rxd4 exd4 40.Qc5 Qf6 41.Bd3 f4 42.Qh5 {Diagram #}

[Event "9th EUROPEAN  INDIVIDUAL  WOME"]
[Site "Plovdiv, Bulgaria"]
[Date "2008.04.21"]
[Round "1"]
[Board "1"]
[White "Franciskovic, Borka"]
[Black "Atalik, Ekaterina"]
[Result "1/2-1/2"]
[WhiteElo "2240"]
[BlackElo "2409"]
[PlyCount "80"]
[EventDate "2008.04.21"]
[EventRounds "11"]
[EventCountry "BUL"]

1.c4 e5 2.Nc3 Nf6 3.Nf3 Nc6 4.e4 d6 5.g3 g6 6.Bg2 Bg7 7.O-O O-O 8.d3 Be6 9.Nd5
Nd7 10.Bg5 f6 11.Be3 Kh8 12.Qd2 a5 13.Nh4 Ne7 14.Bh6 Bxd5 15.Bxg7+ Kxg7 16.exd5
f5 17.d4 Nc8 18.dxe5 dxe5 19.Nf3 Qf6 20.Rfe1 Nd6 21.Rac1 b6 22.Ng5 Nc5 23.Ne6+
Nxe6 24.dxe6 e4 25.c5 bxc5 26.Rxc5 Qxe6 27.Rxc7+ Nf7 28.Qc3+ Qf6 29.f3 Qxc3
30.bxc3 Rfc8 31.Rxc8 Rxc8 32.fxe4 fxe4 33.Rxe4 Rxc3 34.Re7 Kf6 35.Ra7 Rc5 36.h4
h6 37.Ra6+ Kg7 38.Ra7 Kf6 39.Ra6+ Kg7 40.Ra7 Kf6

[Event "9th EUROPEAN  INDIVIDUAL  WOME"]
[Site "Plovdiv, Bulgaria"]
[Date "2008.04.21"]
[Round "1"]
[Board "1"]
[White "Lomineishvili, Maia"]
[Black "Popova, Natalija"]
[Result "1-0"]
[WhiteElo "2400"]
[BlackElo "2239"]
[PlyCount "105"]
[EventDate "2008.04.21"]
[EventRounds "11"]
[EventCountry "BUL"]

1.d4 Nf6 2.c4 g6 3.Nc3 d5 4.Bg5 Bg7 5.Bxf6 Bxf6 6.cxd5 c6 7.Rc1 O-O 8.dxc6 Bxd4
9.c7 Bxc3+ 10.Rxc3 Qxd1+ 11.Kxd1 Nc6 12.e4 Bd7 13.Bb5 Rac8 14.Nf3 Rxc7 15.Kd2
Rcc8 16.Rhc1 Rcd8 17.Ke3 f6 18.Bxc6 Bxc6 19.Nd4 Bd7 20.Rc7 Rc8 21.R1c3 Bc6
22.Rxe7 Rf7 23.Nxc6 bxc6 24.Re6 c5 25.b4 c4 26.b5 f5 27.Rc6 Re8 28.R3xc4 fxe4
29.Rc8 Rxc8 30.Rxc8+ Kg7 31.a4 Kf6 32.Kxe4 Ke6 33.Rc6+ Kd7 34.f4 Re7+ 35.Kf3 Kd8
36.g4 Rf7 37.h4 Rd7 38.Ke4 Re7+ 39.Kd5 Rf7 40.Ke5 Re7+ 41.Re6 Rc7 42.f5 gxf5
43.gxf5 Rc5+ 44.Kf6 Rc4 45.Ra6 Rc7 46.Rc6 Rd7 47.h5 Rd4 48.Ra6 Rd7 49.h6 Ke8
50.Re6+ Kf8 51.Rc6 Rf7+ 52.Ke6 Re7+ 53.Kd6

[Event "9th EUROPEAN  INDIVIDUAL  WOME"]
[Site "Plovdiv, Bulgaria"]
[Date "2008.04.21"]
[Round "1"]
[Board "1"]
[White "Collas, Silvia"]
[Black "Gromova, Iulia"]
[Result "1-0"]
[WhiteElo "2395"]
[BlackElo "2232"]
[PlyCount "93"]
[EventDate "2008.04.21"]
[EventRounds "11"]
[EventCountry "BUL"]

1.d4 Nf6 2.Nf3 g6 3.Nc3 d5 4.Bf4 Bg7 5.e3 O-O 6.Be2 c5 7.Qd2 Nc6 8.Ne5 cxd4
9.exd4 Nd7 10.Nf3 Nf6 11.O-O-O Bf5 12.Ne5 Nd7 13.g4 Be6 14.Nxc6 bxc6 15.h4 c5
16.h5 Qa5 17.Bh6 Bxd4 18.Bxf8 Nxf8 19.Nb5 Qxa2 20.c3 Be5 21.Qe3 Qa1+ 22.Kc2 Qa4+
23.Kb1 {Diagram #} Bf4 24.Qxc5 d4 25.c4 a6 26.Nxd4 Rb8 27.hxg6 hxg6 28.Rh3 Bd6
29.Qc6 Bd7 30.Qxa4 Bxa4 31.b3 Bc5 32.Kc2 Bd7 33.f4 Bd6 34.f5 Be5 35.fxg6 fxg6
36.Re3 Bd6 37.Ra1 e5 38.Nf3 Bxg4 39.Rxa6 Bf5+ 40.Kb2 Be7 41.Rxe5 Bc8 42.Rxe7
Bxa6 43.Ng5 Rd8 44.Ne4 Bc8 45.Nf6+ Kh8 46.c5 Be6 47.Kc3